| 000 | 00000nam##2200000za#4500 |
| 001 | 9.576490 |
| 003 | CaOODSP |
| 005 | 20210624185149 |
| 007 | cr ||||||||||| |
| 008 | 150406|1984||||xxc|||||o f|0| 0 eng|d |
| 040 | |aCaOODSP|beng |
| 043 | |an-cn--- |
| 086 | 1 |aFs97-13/439E-PDF |
| 110 | 1 |aCanada. |bDepartment of Fisheries and Oceans. |
| 245 | 10|aSummary of herring tagging experiments conducted along the east and southeast coasts of Newfoundland, 1974-81 / |h[electronic resource]|cby J.P. Wheeler and G.H. Winters. |
| 260 | |aSt. John's - Newfoundland and Labrador : |bFisheries and Oceans Canada |c1984. |
| 300 | |a28p.|breferences, tables |
| 490 | 1 |aCanadian data report of fisheries and aquatic sciences|vNo. 439 |
| 500 | |aOn t.p.: Fisheries Research Branch, St. John's, Newfoundland. Catalogue number of the print edition appears in the PDF version. |
| 546 | |a(Résumé en français) |
| 590 | |a13-13-Supp|b2013-05-21 |
| 720 | 1 |aWinters, G. H. |
| 720 | 1 |aWheeler, J. P. |
| 830 | #0|aCanadian data report of fisheries and aquatic sciences ;|vNo. 439|w(CaOODSP)9.505124 |
| 856 | 40|ahttp://publications.gc.ca|qPDF|s509 KB|uhttps://publications.gc.ca/collections/collection_2013/mpo-dfo/Fs97-13-439-eng.pdf|yNo. 439 |